La plaga humana; malthus 1798-1998 [recorte] /
Guardado en:
| Autor Principal: | |
|---|---|
| Formato: | Libro |
| Publicado: |
Buenos Aires :
P gina12,
1998
|
| Etiquetas: |
Agregar Etiqueta
Sin Etiquetas, Sea el primero en etiquetar este registro!
|
| LEADER | 00416nam a22001455a 4500 | ||
|---|---|---|---|
| 001 | CEM.cems009829 | ||
| 005 | 20060214000000.0 | ||
| 008 | 130507s1998##################000#0#####d | ||
| 003 | CEMS | ||
| 082 | 0 | 4 | |a F312 |
| 100 | 1 | |a Preciado Pati¥o Javier | |
| 245 | 1 | 0 | |a La plaga humana; malthus 1798-1998 [recorte] / |
| 260 | |a Buenos Aires : |b P gina12, |c 1998 | ||
| 300 | |a 3 p.1 | ||
| 859 | |a CEMS |b BIB. CEMS - 11 de abril |h F312 |i 2 |p 100.44 |t Ej.1 | ||
